|
|
|
|
| LEADER |
00000cam a2200000 a 4500 |
| 001 |
vtls001466151 |
| 003 |
SK-MaSNL |
| 005 |
20260301014358.0 |
| 008 |
251117s2003 xo a f 10000 slo |
| 015 |
|
|
|a SNBA2004/06-03173
|
| 020 |
|
|
|a 8096871137
|
| 035 |
|
|
|a SNK000421456
|
| 035 |
|
|
|a urn:nbn:sk:snk-amjrj9
|
| 035 |
|
|
|a urn:nbn:sk:snk:ar-008tix
|
| 035 |
|
|
|a 603ea907-01c3-401c-a0c9-f77416d75174
|
| 040 |
|
|
|a SNK
|b slo
|c SNK
|e AACR2
|
| 041 |
0 |
|
|a slo
|
| 044 |
|
|
|a xo
|c SK
|
| 072 |
|
7 |
|a 621.3
|2 konspekt
|
| 080 |
|
|
|a 621.3-1
|2 1981
|
| 080 |
|
|
|a 331.45
|2 1981
|
| 080 |
|
|
|a 343.7
|2 1981
|
| 080 |
|
|
|a 351.78:614.8
|2 1981
|
| 080 |
|
|
|a (063)
|2 1981
|
| 080 |
|
|
|a (094.5)
|2 1981
|
| 111 |
2 |
|
|a Bezpečnosť práce na elektrických zariadeniach
|n (11. :
|d 2003 :
|c Liptovský Mikuláš, Slovensko)
|4 aut
|9 166113
|
| 245 |
0 |
0 |
|a Bezpečnosť práce na elektrických zariadeniach
|b nové prístupy riešenia ochrany osôb a majetku : zborník prednášok z XI. odborného seminára, Liptovský Mikuláš, 20. február 2003
|
| 250 |
|
|
|a 1. vyd.
|
| 260 |
|
|
|a V Liptovskom Mikuláši
|b Vojenská akadémia
|c 2003
|
| 300 |
|
|
|a 109 s.
|b ilustr.
|c 21 cm
|
| 500 |
|
|
|a Čiast. text čes.
|
| 500 |
|
|
|a 150 výt.
|
| 521 |
|
|
|a Určené pre odborníkov odborného seminára
|
| 650 |
0 |
7 |
|a elektrické zariadenia
|2 SNKPH
|9 3916
|
| 650 |
0 |
7 |
|a bezpečnosť práce
|2 SNKPH
|9 1296
|
| 650 |
0 |
7 |
|a ochrana majetku
|2 SNKPH
|9 3724
|
| 650 |
0 |
7 |
|a osobná bezpečnosť
|2 SNKPH
|9 4159
|
| 655 |
|
7 |
|a zborníky konferencií
|2 SNKPH
|9 70153
|
| 655 |
|
7 |
|a zákony
|2 SNKPH
|9 70186
|
| 655 |
|
7 |
|a právne predpisy
|2 SNKPH
|9 70481
|
| 655 |
|
7 |
|a issue_zb
|2 SNK
|9 276493
|
| 752 |
|
|
|d Liptovský Mikuláš
|
| 852 |
|
|
|a Slovenská národná knižnica
|
| 919 |
|
|
|a 80-968711-3-7
|
| 954 |
|
|
|a odborná, vedecká literatúra pôvodná (slovenská)
|2 lita
|
| 954 |
|
|
|a odborná, vedecká literatúra cudzojazyčná (svetová)
|2 lita
|
| 958 |
|
|
|a OND
|
| 958 |
|
|
|a ART
|
| 968 |
|
|
|d 62
|
| 999 |
|
|
|c 558481
|d 560411
|
| 952 |
|
|
|t P60, <03>, [BOOK], {603}
|a SNK
|b SNK
|y PREZ
|7 0
|p 17A0411012
|o snkSC 114254
|i snkKSP 522/2004
|0 0
|1 0
|4 0
|d 2004-01-15
|l 0
|r 2025-10-03 00:00:00
|w 2026-02-23
|
| 952 |
|
|
|t P60, <04>, [BOOK], {604}
|a SNK
|b SNK
|y VYP
|7 0
|p 17A0411013
|o snkSC 114254 D1
|i snkKSP 523/2004
|0 0
|1 0
|4 0
|d 2004-01-15
|l 0
|r 2005-01-02 00:00:00
|w 2026-02-23
|